000 00475nam a22001577a 4500
003 OSt
005 20211202110105.0
008 211202b |||||||| |||| 00| 0 eng d
020 _a0-921554-01-x
040 _cHawassa University
050 _a649.33/BRE
_b1
082 _a649.33/BR
_b1
245 _aBreastfeeding , nutrition, infection and infant growth in developed and emerging countries
260 _aCanada
_bArts biomedical publishers
_c1990
942 _2ddc
_cBOOKS
_n0
999 _c21128
_d21128